00462nam a2200205Ia 4500008004100000020001800041050001400059100001500073245003000088245001800118260001500136260001600151260000900167300001600176300002000192300001000212300002000222440000600242500000800248170918s9999 xx 000 0 und d a9780439436571 bN736 2006 aNix, Garth 4aThe keys to the kingdom / cby Garth Nix. aNew York : bScholastic, c2006 a344 pages : billustrations ; c19cm. eSir Thursday ;  a4 a980